000 00954nam a2200289 a 4500
003 AR-BaBNM
005 20251128203434.0
008 082120s2002 ||||||||||||||000 | spa||
040 _cAR-BaBNM
110 2 _aInstituto de Literatura Argentina e Iberoamericana [Universidad Nacional de La Plata]
245 0 0 _aRubén Darío
_bestudios reunidos en conmemoración del centenario : 1867-1967
260 _aLa Plata
_bFacultad de Humanidades y Ciencias de la Educación. Universidad Nacional de La Plata
_c1968
300 _a520 p.
_bil.
490 0 _aTrabajos, Comunicaciones y Conferencias
_vv. 10
650 4 _aLITERATURA ARGENTINA
650 4 _aSIGLO DIECINUEVE
650 4 _aPOESIA
650 4 _aVIDA LITERARIA
650 4 _aCONDICIONES CULTURALES
650 4 _aANALISIS LITERARIO
650 4 _aCRITICA LITERARIA
653 _aMODERNISMO
653 _aLITERATURA NICARAGÜENSE
655 _aLITERATURA
942 _cBK
998 _cisola
999 _c3392
_d3392